Scoop! : communication activities with British and American newspapers
Αποθηκεύτηκε σε:
| Κύριος συγγραφέας: | |
|---|---|
| Μορφή: | Βιβλίο |
| Γλώσσα: | English |
| Δημοσίευση: |
New York :
Prentice Hall,
1988
|
| Θέματα: | |
| Ετικέτες: |
Προσθήκη ετικέτας
Δεν υπάρχουν, Καταχωρήστε ετικέτα πρώτοι!
|
MARC
| LEADER | 00000nam a2200000 i 4500 | ||
|---|---|---|---|
| 001 | 1/75126 | ||
| 008 | 971024s1988 eng d | ||
| 020 | |a 0-13-796707-1 | ||
| 035 | |a 1993 |b 1 |c Τσουτσουλοπούλου |l 10032037 | ||
| 040 | |a GR-MY-UA |b gre |e aacr | ||
| 041 | 0 | |a eng | |
| 082 | 0 | |a 428.24 | |
| 100 | 1 | |a Baddock, Barry. | |
| 245 | 1 | 0 | |a Scoop! : |b communication activities with British and American newspapers / |c Barry Baddock |
| 260 | |a New York : |b Prentice Hall, |c 1988 | ||
| 300 | |a 132 p. | ||
| 650 | 0 | 0 | |a English language |v Textbooks for foreign speakers. |
| 852 | |a INST |b RHODES |e 19971024 |h 428.24 BAD |p 005400008336 |q 005400008336 |t BK |y 0 | ||
| 909 | |a Ρ |b 025508 |c 1993 | ||